Γνωρίζουν οι κάτοικοι του νησιού της Ρόδου την ύπαρξη μουσείου νεοελληνικής τέχνης; : ποιοί είναι οι λόγοι που κρατούν τους ανθρώπους μακριά από το μουσείο και με ποιούς τρόπους μπορεί ο εκπαιδευτικός να τους φέρει πιο κοντά στο συγκεκριμένο αλλά και γενικότερα στα μουσεία; πτυχιακή εργασία

Αποθηκεύτηκε σε:
Λεπτομέρειες βιβλιογραφικής εγγραφής
Κύριος συγγραφέας: Συμεωνίδου, Μαρία
Συγγραφή απο Οργανισμό/Αρχή: Πανεπιστήμιο Αιγαίου Σχολή Ανθρωπιστικών Επιστημών Παιδαγωγικό Τμήμα Δημοτικής Εκπαίδευσης
Άλλοι συγγραφείς: Καμπουροπούλου, Μαίρη (dgsf)
Μορφή: Thesis Βιβλίο
Γλώσσα:Greek
Θέματα:
Διαθέσιμο Online:http://hdl.handle.net/11610/5972
Ετικέτες: Προσθήκη ετικέτας
Δεν υπάρχουν, Καταχωρήστε ετικέτα πρώτοι!

MARC

LEADER 00000cam a2200000 a 4500
001 1/122591
008 210129s2009####gr | ||| |||| ||gre||
040 |a GR-MyUa  |b gre  |c GR-MyUa  |e AACR2 
041 0 |a gre 
082 7 |a 069   |2 (23) 
100 1 |a Συμεωνίδου, Μαρία. 
245 1 0 |a Γνωρίζουν οι κάτοικοι του νησιού της Ρόδου την ύπαρξη μουσείου νεοελληνικής τέχνης; :   |b ποιοί είναι οι λόγοι που κρατούν τους ανθρώπους μακριά από το μουσείο και με ποιούς τρόπους μπορεί ο εκπαιδευτικός να τους φέρει πιο κοντά στο συγκεκριμένο αλλά και γενικότερα στα μουσεία; πτυχιακή εργασία /   |c Συμεωνίδου Μαρία ; επιβλέπουσα καθηγήτρια: Καμπουροπούλου Μαίρη.  
300 |a 14 σ. ;   |c 30 εκ.  
500 |a Μέλη εξεταστικής επιτροπής: Αθανασιάδης Ηλίας, Φώκιαλη Περσεφόνη. 
502 |a Πτυχιακή εργασία - Πανεπιστήμιο Αιγαίου, Ρόδος, 2009.  
504 |a Βιβλιογραφία: σ.14.  
506 1 |a Διάθεση πλήρους κειμένου - Ενδοπανεπιστημιακή δημοσίευση. 
540 |a Κλειδωμένη η δυνατότητα αντιγραφής του κειμένου.  
650 0 |a Museums  |x Public relations. 
650 0 |a Museum visitors  |x Attitudes. 
650 0 |a Dissertations, Academic  |z Greece. 
650 0 |a Museums  |x Administration. 
651 0 |a Rhodes (Greece)  |x Civilization. 
700 0 |a Καμπουροπούλου, Μαίρη,  |e dgsf 
710 2 |a Πανεπιστήμιο Αιγαίου   |b Σχολή Ανθρωπιστικών Επιστημών   |b Παιδαγωγικό Τμήμα Δημοτικής Εκπαίδευσης . 
852 |a INST  |b RHODES  |c DIATR  |e 20210129  |h 069 ΣΥΜ  |p 005400041889  |q 005400041889  |t DIE  |y 23 
856 |u http://hdl.handle.net/11610/5972 
924 |a ΣΥΜΕΩΝΙΔΟΥ  |b ΜΑΡΙΑ  |y Ρόδος  |z 2009-06 
970 |z 29-01-2021